Loading...
| Current Events | 2 | 20.00 | 100% | 50% | 50% |
| Fine Arts - Classical Music | 3 | 13.33 | 100% | 33% | 0% |
| Fine Arts - Other | 1 | 10.00 | 100% | 0% | 0% |
| Fine Arts - Painting and Sculpture | 2 | 10.00 | 50% | 50% | 0% |
| Geography | 4 | 22.50 | 75% | 75% | 75% |
| History - American | 4 | 12.50 | 100% | 0% | 25% |
| History - European | 3 | 13.33 | 100% | 33% | 0% |
| History - Other | 4 | 12.50 | 75% | 50% | 0% |
| History - World | 2 | 10.00 | 100% | 0% | 0% |
| Literature - American | 3 | 6.67 | 67% | 0% | 0% |
| Literature - British | 4 | 10.00 | 50% | 50% | 0% |
| Literature - European | 6 | 8.33 | 83% | 0% | 0% |
| Literature - World | 4 | 20.00 | 75% | 75% | 50% |
| Mythology | 7 | 35.71 | 186% | 114% | 57% |
| Philosophy | 4 | 10.00 | 75% | 25% | 0% |
| Popular Culture | 1 | 30.00 | 100% | 100% | 100% |
| Religion | 5 | 14.00 | 100% | 20% | 20% |
| Science - Biology | 7 | 17.14 | 57% | 86% | 29% |
| Science - Chemistry | 2 | 20.00 | 100% | 100% | 0% |
| Science - Other | 4 | 12.50 | 100% | 25% | 0% |
| Science - Physics | 4 | 15.00 | 100% | 50% | 0% |
| Social Science | 5 | 12.00 | 100% | 0% | 20% |